| 000 | 01163cam a22003735a 4500 | ||
|---|---|---|---|
| 001 | 4200 | ||
| 003 | FISKH | ||
| 005 | 20260226101245.0 | ||
| 008 | 100325s2011 flua j b 001 0 eng | ||
| 010 | _a 2010009850 | ||
| 020 | _a9781615902644 (alk. paper) | ||
| 020 | _a9781615905041 | ||
| 020 | _a1615902643 (alk. paper) | ||
| 035 | _a(OCoLC)ocn548597061 | ||
| 040 |
_aDLC _cDLC _dBTCTA _dWIQ _dDLC _beng |
||
| 050 | _aSF487.M474 | ||
| 082 | _a636.5 | ||
| 100 | 1 |
_aMeredith, Susan, _d1951- |
|
| 245 | 1 | 0 |
_aChickens on the farm / _cSusan Markowitz Meredith. |
| 260 |
_aMinnesota : _bRourke Publishing, _c2011. |
||
| 300 |
_a24 pages : _bcolor illustrations ; _c21 cm |
||
| 490 | 0 | _aFarm animals | |
| 505 | _aO | ||
| 520 | _aCurious kids will learn how farmers care for chickens and what benefits we get from these little farm animal. | ||
| 521 | 8 |
_a610
_bLexile |
|
| 521 | 8 |
_aO
_bRaz-Plus |
|
| 650 | 0 |
_aChickens _vJuvenile literature. |
|
| 650 | 0 |
_aFarm life _vJuvenile literature. |
|
| 650 | 1 | _aChickens. | |
| 650 | 1 | _aFarm life. | |
| 906 |
_a7 _bcbc _corignew _d1 _eecip _f20 _gy-gencatlg |
||
| 942 |
_2ddc _cBK _n0 |
||
| 999 |
_c4200 _d4200 |
||